[Event "10th Karen Asrian Memorial 2017"]
[Site "Jermuk"]
[Date "2017.06.22"]
[Round "2"]
[White "Pashikian, Arman"]
[Black "Mousavi, Seyed Khalil"]
[Result "1/2-1/2"]
[WhiteElo "2603"]
[BlackElo "2435"]
[Annotator "TA"]
[PlyCount "68"]
[EventDate "2017.??.??"]
[EventType "swiss"]
[EventCountry "ARM"]
[SourceTitle "playchess.com"]
[Source "ChessBase"]
[SourceQuality "1"]

{[%evp 13,68,0,9,0,20,5,37,28,18,39,77,75,79,62,73,77,75,66,77,71,69,85,100,90,104,65,90,82,99,102,107,84,125,73,75,72,74,76,71,71,77,70,73,31,43,29,33,1,8,0,8,8,8,0,0,0,0]} 1. d4 d5 2. Nf3 Nf6 3. c4 e6 4. g3 Be7 5. Bg2 O-O 6. Nc3 dxc4 7. Ne5 Nc6 8. Bxc6 {E06: Closed Catalan: Early deviations} bxc6 9. Nxc6 Qe8 10. Nxe7+ {White is slightly better.} Qxe7 11. Qa4 e5 (11... c5 12. dxc5 Qxc5 13. Be3 Qc7 14. Rd1 Bd7 15. Qa3 Nd5 16. Bd4 a5 17. Rd2 Nb4 18. O-O Qb7 19. Na4 Bxa4 20. Qxa4 {½-½ (45) Wei,Y (2696)-Nakamura,H (2787) Bilbao 2016}) 12. dxe5 Qxe5 13. Qxc4 Be6 {[#]} 14. Qf4 $146 ({Predecessor:} 14. Bf4 Bxc4 15. Bxe5 Nd5 {1-0 (62) Horvath,J (2525)-Pergel,L (2341) Hungary 2006}) 14... Qh5 15. f3 Nd5 16. Nxd5 Bxd5 17. O-O ({Not} 17. Qxc7 Rae8 $17) 17... Rfe8 18. Rf2 Rad8 19. Bd2 Rd6 20. Bc3 Bc6 21. Rc1 Qb5 22. Rc2 h5 23. Rd2 (23. Bd4 $142) 23... g5 $16 24. Qb4 Rxd2 25. Bxd2 Qxb4 26. Bxb4 {[%mdl 4096] Endgame KRB-KRB} g4 27. Bc5 Re5 28. b4 (28. Bd4 $5 {[%cal Rd4e5]} Re8 29. a3 $16 (29. Bxa7 Ra8 $16)) 28... a5 29. fxg4 hxg4 30. Kf1 f5 {The position is equal.} 31. Ke1 Kf7 32. Bd4 Rd5 33. Bc3 axb4 34. Bxb4 Rb5 {Precision: White = 46%, Black = 41%.} 1/2-1/2

[Event "10th Karen Asrian Memorial 2017"]
[Site "Jermuk"]
[Date "2017.06.22"]
[Round "2"]
[White "Maghsoodloo, Parham"]
[Black "Mkrtchian, Lilit"]
[Result "1-0"]
[WhiteElo "2584"]
[BlackElo "2412"]
[Annotator "TA"]
[PlyCount "71"]
[EventDate "2017.??.??"]
[EventType "swiss"]
[EventCountry "ARM"]
[SourceTitle "playchess.com"]
[Source "ChessBase"]
[SourceQuality "1"]

{[%evp 17,71,37,53,35,81,70,74,69,72,61,91,65,105,100,127,128,127,131,141,135,210,220,232,232,237,243,233,234,285,275,272,291,284,277,283,287,288,292,294,290,297,285,306,277,263,260,293,291,373,374,363,372,563,562,1070,1070]} 1. d4 Nf6 2. c4 e6 3. Nf3 {[%cal Bg1f3,Bf3d4,Bd4b5][%mdl 32]} b6 4. g3 Ba6 5. Nbd2 Bb7 6. Bg2 c5 7. e4 cxd4 8. Nxd4 d6 9. O-O Nbd7 {LiveBook: 50 Games} 10. Qe2 {E15: Queen's Indian: 4 g3 sidelines, 4 g3 Ba6 and 4 g3 Bb7 early deviations} e5 $146 ({Predecessor:} 10... a6 11. Rd1 Qc7 12. b3 Be7 13. Bb2 O-O 14. Rac1 Rfe8 15. Nb1 Bf8 16. Nc3 g6 17. Ba3 Nc5 {0-1 (31) Brcar,A (1999)-Kurajica,B (2551) Split 2012}) 11. Nb5 a6 12. Nc3 {White is better.} Be7 13. a4 Nc5 14. Rd1 Qc7 15. b4 Ne6 16. Nb3 Rc8 {[#]} 17. Bf1 $1 Qb8 18. f3 Nf8 (18... h5 $16 19. Nd5 Nd7) 19. Be3 $18 N8d7 20. Qd2 O-O 21. a5 bxa5 22. Nxa5 Ba8 23. Nd5 Bd8 24. Nxf6+ Nxf6 25. Qxd6 Qxd6 26. Rxd6 Be7 27. Rxa6 Bxb4 28. Nb3 Bc6 29. Rb6 Be7 30. Raa6 Bd7 31. c5 {[%cal Bc4c5,Bc5c6][%mdl 32]} Rfd8 32. c6 Be8 33. Bh3 Rc7 34. Rb7 Bd6 (34... Rxc6 $142 35. Rxc6 Bxc6 36. Rxe7 Rd3) 35. Na5 Rxb7 36. Nxb7 {Precision: White = 93%, Black = 36%.} 1-0

[Event "10th Karen Asrian Memorial 2017"]
[Site "Jermuk"]
[Date "2017.06.22"]
[Round "2"]
[White "Baghdasaryan, Vahe"]
[Black "Kovalenko, Igor"]
[Result "0-1"]
[WhiteElo "2449"]
[BlackElo "2656"]
[Annotator "TA"]
[PlyCount "98"]
[EventDate "2017.??.??"]
[EventType "swiss"]
[EventCountry "ARM"]
[SourceTitle "playchess.com"]
[Source "ChessBase"]
[SourceQuality "1"]

{[%evp 9,98,2,17,-67,-66,-106,-8,-5,-11,-17,0,-23,-37,-59,-51,-58,-10,-59,-61,-52,-63,-83,-68,-66,-70,-52,-60,-61,-35,-93,-85,-118,-114,-120,-120,-166,-166,-197,-192,-205,-124,-150,-151,-142,-126,-118,-118,-166,-20,-24,0,0,0,-53,-41,-201,-200,-407,-145,-147,-145,-137,-128,-140,-126,-186,-184,-174,-169,-203,-218,-210,-202,-210,-216,-489,-236,-244,-238,-218,-108,-120,-119,-1059,-864,-29974,-29975,-9263,-29968,-5609,-5714]} 1. e4 c6 2. d4 d5 3. e5 Bf5 4. h4 Qc7 (4... h5 5. Bd3 Bxd3 6. Qxd3 e6 7. Bg5 Be7 8. Nf3 Nh6 9. Nc3 Nf5 10. Ne2 c5 11. dxc5 Qa5+ 12. c3 Qxc5 13. Bxe7 Kxe7 14. Ned4 Nxd4 15. Nxd4 {0-1 (32) Adams,M (2761)-Svidler,P (2741) Shenzhen 2017}) 5. g4 Bd7 {LiveBook: 4 Games} 6. Nd2 $146 {B12: Caro-Kann: Advance Variation} (6. Nc3 $11) ({Predecessor:} 6. h5 e6 7. f4 c5 8. c3 Nc6 9. Nf3 Rc8 10. Be3 Qb6 11. Rh2 Nh6 12. Bh3 cxd4 13. cxd4 {0-1 (50) Bosiocic,M (2542)-Postny,E (2631) Bastia 2013}) 6... c5 $15 7. c3 e6 (7... cxd4 $17 8. cxd4 Nc6) 8. f4 {The position is equal.} cxd4 9. cxd4 Nc6 {[%cal Bb8c6,Bc6b4,Bb4c2][%mdl 32] Threatens to win with ...h5.} 10. Ngf3 Nb4 11. Kf2 Nh6 12. Bh3 Rc8 13. a3 Nc2 14. Ra2 Qb6 $36 {[%mdl 2048] Black is more active.} 15. Kg3 Nxd4 16. Nxd4 Qxd4 17. Nf3 Qxd1 18. Rxd1 Bc5 19. b4 (19. Bd2 $15) 19... Ba4 $17 20. Rf1 Bb6 21. f5 Ng8 22. fxe6 fxe6 23. g5 Kd7 24. g6 Rc3 25. Bd2 Rb3 $1 26. gxh7 Rxh7 {White must now prevent ...Bc6.} 27. Kg2 Bb5 28. Re1 Rxf3 (28... Bc4 $19 29. Bxe6+ Kxe6 30. Ng5+ Kf5 31. Nxh7 Kg4) 29. Kxf3 $11 Bc4 30. Rc2 {Hoping for Rxc4.} Rxh4 31. Kg3 (31. Bf1 $11) 31... Rd4 32. Be3 $2 (32. Bg5 $15) 32... Rd3 $1 $19 {[%csl LRa3,LRe3]} 33. Kf2 $2 (33. Kf3) 33... Rxa3 $2 (33... Bb3 $1 $19 34. Bxb6 Bxc2) 34. Bxb6 $17 {aiming for Re3.} Rxh3 ({Much less strong is} 34... axb6 35. Re3 $15) 35. Kg2 Ra3 36. Bc5 Nh6 37. Rf2 (37. Rcc1 $17) 37... b6 $19 38. Bf8 d4 39. Bxg7 Bd5+ 40. Kf1 Ng4 41. Rf4 {[#]} Rg3 $1 {...Bc4+ is the strong threat.} 42. Ra1 $2 {[#]} (42. Ke2 Ne3 43. Bh6) 42... a6 $1 {[%mdl 512]} 43. Ke2 (43. Rxa6 Bc4+) 43... Bc4+ 44. Kd2 {[#]} Rd3+ (44... Rg2+ $1 $19 {has better winning chances.} 45. Kc1 d3 46. Rd4+ Ke8) 45. Ke2 $17 Bb5 46. Rc1 $2 {[%mdl 8192]} (46. Rd1 $17 Rg3+ 47. Kd2) 46... Rg3+ $19 47. Ke1 Rg1+ 48. Kd2 Rg2+ 49. Ke1 Re2+ {Precision: White = 29%, Black = 55%.} 0-1

[Event "10th Karen Asrian Memorial 2017"]
[Site "Jermuk"]
[Date "2017.06.22"]
[Round "2"]
[White "Hakobyan, Aram"]
[Black "Andriasian, Zaven"]
[Result "0-1"]
[WhiteElo "2449"]
[BlackElo "2622"]
[Annotator "TA"]
[PlyCount "100"]
[EventDate "2017.??.??"]
[EventType "swiss"]
[EventCountry "ARM"]
[SourceTitle "playchess.com"]
[Source "ChessBase"]
[SourceQuality "1"]

{[%evp 20,100,16,17,35,39,38,27,38,41,29,44,44,48,54,31,24,31,25,8,29,7,36,36,36,36,36,36,41,48,40,33,24,0,0,0,0,0,0,-37,-29,-30,-22,-46,-44,-37,-27,-44,-40,-41,-50,-60,-58,-80,-19,-156,-147,-329,-284,-455,-350,-451,-410,-572,-533,-525,-502,-537,-245,-1304,-1402,-1052,-1255,-29983,-29983,-29975,-12839,-29991,-29992,-29994,-29995,-29995,-29996]} 1. d4 Nf6 2. Nf3 d5 3. c4 c6 4. Nc3 dxc4 5. a4 Bf5 6. Ne5 Nbd7 7. Nxc4 Qc7 8. g3 e5 9. dxe5 Nxe5 10. Bf4 Nfd7 11. Bg2 g5 {D17: Slav Defence: 5 a4 Bf5: Lines with 6 Nh4 and 6 Ne5} (11... f6 12. O-O g5 13. Nxe5 gxf4 14. Nxd7 Qxd7 15. a5 fxg3 16. hxg3 Qxd1 17. Rfxd1 a6 18. Rd4 Rd8 19. Rad1 Rxd4 20. Rxd4 {1-0 (48) So,W (2775)-Akopian,V (2648) Doha 2015}) 12. Nxe5 gxf4 13. Nxd7 O-O-O {White has an edge.} 14. Qd4 $1 {[%csl LRa7,LRf4,LRh8]} Qxd7 15. Qxf4 {[#] Strongly threatening Rd1.} Bd6 16. Qh6 Kb8 17. O-O Qe6 18. Qxe6 Bxe6 19. Rac1 Bb4 $146 20. Be4 Bc4 21. Rfd1 Rxd1+ 22. Rxd1 Bxc3 23. bxc3 Bxe2 $14 {[%mdl 4096] Endgame KRB-KRB} 24. Rd7 Bc4 25. a5 h6 26. f4 Re8 27. Rd4 Be6 28. Kf2 Kc7 29. f5 Bd7 30. Bd3 Re5 31. Rh4 $1 Rxa5 32. g4 Rc5 33. Rxh6 a5 {[%cal Ba7a5,Ba5a4][%mdl 32]} 34. Rh8 a4 35. Ra8 Rxc3 36. Ke2 c5 (36... b5 $17 {...Rb3 is the strong threat.} 37. g5 a3) 37. Kd2 (37. g5 $1 $11 {was the only way to keep the balance.}) 37... Rb3 $17 38. h4 $2 (38. g5 $17 {was worth a try.}) 38... b5 $19 39. g5 $2 (39. h5 c4 40. Ra7+ Kd6 41. Bc2) 39... c4 40. Be4 Rg3 41. f6 c3+ 42. Ke2 {[#] Black must now prevent g6!} Be6 43. h5 Rg4 (43... Rxg5 $142 44. h6 Re5) 44. g6 $2 (44. Bd3 Rg2+ 45. Ke3) 44... Rxe4+ {KRB-KR} 45. Kd3 Rc4 {aiming for ...c2.} 46. g7 Bf5+ 47. Ke2 Bh7 48. Rh8 c2 {Black mates.} 49. Rxh7 c1=Q 50. g8=Q Qb2+ {Precision: White = 33%, Black = 76%.} 0-1

[Event "10th Karen Asrian Memorial 2017"]
[Site "Jermuk"]
[Date "2017.06.22"]
[Round "2"]
[White "Shahinyan, David"]
[Black "Zubov, Alexander"]
[Result "0-1"]
[WhiteElo "2428"]
[BlackElo "2612"]
[Annotator "TA"]
[PlyCount "44"]
[EventDate "2017.??.??"]
[EventType "swiss"]
[EventCountry "ARM"]
[SourceTitle "playchess.com"]
[Source "ChessBase"]
[SourceQuality "1"]

{[%evp 9,44,18,3,33,73,0,0,0,0,0,0,0,0,0,-7,-251,-246,-247,-241,-303,-270,-303,-292,-303,-308,-495,-508,-495,-485,-463,-475,-512,-483,-565,-558,-545,-364]} 1. c4 b6 2. Nc3 Bb7 3. e4 e5 4. g3 f5 (4... Nc6 5. Bg2 Bc5 6. Nge2 Nge7 7. Na4 O-O 8. Nxc5 bxc5 9. O-O d6 10. d3 Rb8 11. f4 {0-1 (31) Tomashevsky,E (2716)-Dubov,D (2660) Doha 2016}) 5. Nf3 $146 ({Predecessor:} 5. Bg2 Nf6 6. Nge2 fxe4 7. Qc2 Bc5 8. O-O O-O 9. Nxe4 Nc6 10. Nxc5 bxc5 11. d3 {0-1 (29) Kigigha,B (2339)-Cornette,M (2586) chess.com INT 2017}) 5... fxe4 6. Nxe5 {Strongly threatening Qh5+. A10: English Opening: Unusual Replies for Black} e3 7. dxe3 (7. Nf3 $16) 7... Bxh1 $11 8. Qh5+ {The position is equal.} g6 {[#]} 9. Nxg6 $1 {[%mdl 512]} Nf6 (9... hxg6 10. Qxg6+) 10. Qe5+ Kf7 $1 {[%cal Be8f7,Bf7g7,Bg7h8][%mdl 32]} 11. Nxh8+ Kg7 12. e4 $2 (12. Qf5 $11) 12... Nc6 $19 {[%cal Bb8c6,Bc6e5,Be5g4][%mdl 32]} 13. Qf4 Bd6 14. Qh4 Nxe4 ({Not} 14... Kxh8 15. Bg5 $17) 15. Qg4+ Kxh8 16. Nxe4 Qe7 17. f3 $2 {[#]} (17. Bd2 Bxe4 18. Qg5) 17... Ne5 $1 {[%csl LRf3,LRg4][%cal Re5g4] Black is clearly winning.} 18. Bg5 Nxg4 19. Bxe7 Bxe7 20. Be2 Bb4+ 21. Kf1 Rf8 22. a3 Bxf3 0-1

[Event "10th Karen Asrian Memorial 2017"]
[Site "Jermuk"]
[Date "2017.06.22"]
[Round "2"]
[White "Chibukhchian, Artur"]
[Black "Ter-Sahakyan, Samvel"]
[Result "1/2-1/2"]
[WhiteElo "2412"]
[BlackElo "2598"]
[Annotator "TA"]
[PlyCount "123"]
[EventDate "2017.??.??"]
[EventType "swiss"]
[EventCountry "ARM"]
[SourceTitle "playchess.com"]
[Source "ChessBase"]
[SourceQuality "1"]

{[%evp 9,123,9,25,6,13,1,9,10,13,0,1,-9,-5,-8,-18,-18,0,0,19,-7,0,-40,-48,-50,-36,-36,-36,-24,-34,-36,-14,-36,-36,-43,-37,-42,-36,-43,-18,-43,-43,-43,-43,-43,-43,-43,-43,-43,-50,-54,-50,-60,-60,-60,-60,-129,-60,-129,-129,-129,-129,-129,0,-129,-129,-129,-129,-129,0,-121,-121,-121,-121,-121,0,-121,-121,-121,-121,-121,-121,-121,-121,-121,-121,-121,-121,-121,-121,-121,-121,-121,-121,-121,-121,-121,-121,-121,-121,-121,-121,-121,-121,-121,-121,-121,-121,-121,-121,-121,-121,-121,-121,-121,-121,-121]} 1. d4 d5 2. Nf3 Nf6 3. c4 e6 4. e3 a6 5. Nbd2 (5. b3 c5 6. Bb2 Nc6 7. Nbd2 cxd4 8. exd4 g6 9. Bd3 Bg7 10. O-O O-O 11. Rc1 dxc4 12. bxc4 b5 {½-½ (48) Bu,X (2711)-Sethuraman,S (2629) Liaocheng 2017}) 5... b6 {LiveBook: 4 Games} 6. cxd5 {D30: Queen's Gambit Declined: Systems without Nc3} exd5 7. Bd3 Bb7 8. O-O {The position is equal.} Bd6 9. Re1 $146 ({Predecessor:} 9. Ne5 O-O 10. f4 c5 11. Rf3 Nc6 12. Rh3 g6 {1-0 (43) Dgebuadze,A (2570)-Leroy,D (2305) Plancoet 2013}) 9... Ne4 10. Bf1 Nd7 11. Nxe4 dxe4 12. Nd2 $1 Nf6 13. Nc4 h5 14. Nxd6+ Qxd6 15. h3 g5 {[%cal Bg7g5,Bg5g4][%mdl 32]} 16. Bd2 g4 (16... O-O-O $5 {[%cal Rg5g4]}) 17. Qa4+ $1 Bc6 18. Qb4 Qxb4 19. Bxb4 Bb5 20. h4 (20. a4 $5 {[%cal Ra4b5]} Bxf1 21. Kxf1 $15) 20... Nd5 21. Bd2 Kd7 22. g3 Rh6 23. Rec1 Re8 24. b3 Bxf1 25. Kxf1 Rc6 26. Rxc6 Kxc6 $15 {[%mdl 4096] Endgame KRB-KRN} 27. Rc1+ Kb7 28. Ke2 Re6 29. Rc4 Rc6 30. Kd1 b5 31. Rxc6 Kxc6 {KB-KN} 32. a3 {[#]} (32. b4 $1 $15) 32... Kb6 (32... b4 $1 $17 33. Bxb4 (33. axb4 Kb5 $11) 33... Nxb4 34. axb4 Kb5) 33. Kc2 (33. b4 $15) 33... a5 $17 34. Be1 Ka6 35. Bd2 Kb6 36. Be1 $1 c6 37. Bd2 Ka6 38. Be1 Kb6 39. Bd2 f6 {[%cal Bf7f6,Bf6f5][%mdl 32]} 40. Be1 Ka6 41. Bd2 Kb6 42. Be1 $1 b4 {Black is better.} 43. axb4 axb4 44. Bd2 f5 45. Bc1 Kb5 46. Bd2 Nc7 47. Bc1 Ne6 48. Bb2 c5 49. dxc5 Nxc5 50. Bf6 Nd3 51. Kd2 Nxf2 52. Ke2 Nd3 53. Kd2 Kc6 54. Bg5 Kc5 55. Bf4 Kd5 56. Kd1 Nc5 57. Kc2 Kc6 58. Bb8 Kd7 59. Bf4 Ke7 60. Bg5+ Kd6 61. Bf4+ Kd5 62. Bb8 {Precision: White = 68%, Black = 77%.} 1/2-1/2

[Event "10th Karen Asrian Memorial 2017"]
[Site "Jermuk"]
[Date "2017.06.22"]
[Round "2"]
[White "Sargsyan, Shant"]
[Black "Smirnov, Pavel"]
[Result "1-0"]
[WhiteElo "2409"]
[BlackElo "2589"]
[Annotator "TA"]
[PlyCount "125"]
[EventDate "2017.??.??"]
[EventType "swiss"]
[EventCountry "ARM"]
[SourceTitle "playchess.com"]
[Source "ChessBase"]
[SourceQuality "1"]

{[%evp 28,125,0,-6,6,0,8,0,20,21,12,11,73,-13,-18,-41,-34,-61,-50,-53,-48,-58,-25,-50,79,-39,-52,-49,-25,-76,-38,-64,-64,-64,-64,-64,-64,-95,-91,-91,-86,-88,-93,-95,-85,-91,-92,-85,-74,-106,-104,-115,-110,-114,-103,-99,-96,-96,-90,-101,-101,-110,0,0,0,0,0,0,0,0,0,0,0,0,0,0,0,0,0,0,0,0,0,0,246,243,238,211,407,164,1224,843,12841,12841,12841,12839,12847,12848,12848,12849]} 1. d4 Nf6 2. c4 e6 3. Nf3 d5 4. Nc3 c6 5. Bg5 h6 6. Bxf6 Qxf6 7. Qb3 Nd7 8. e4 dxe4 9. Nxe4 Qf4 10. Bd3 e5 {D43: Semi-Slav: 5 Bg5 h6} 11. O-O (11. dxe5 Nxe5 12. Nxe5 Qxe5 13. O-O Be7 14. Rfe1 O-O 15. Ng3 Qc7 16. Bf5 Bf6 17. Rad1 Bxf5 18. Nxf5 {0-1 (47) Belov,V (2614)-Anand,V (2803) Berlin 2015}) 11... Be7 12. Rfe1 exd4 13. Nxd4 O-O 14. Bc2 Nc5 15. Qc3 {LiveBook: 3 Games} Rd8 {[#]} 16. h3 $146 ({Predecessor:} 16. Rad1 Bg4 17. f3 Bh5 18. Qa5 {½-½ (33) Persson,C (2581)-Riccio,E (2632) ICCF email 2012}) 16... Bd7 (16... g6 {is more complex.} 17. Rad1 Bd7 18. Nxc5 Bxc5 19. b4 Bf8) 17. Rad1 Nxe4 18. Rxe4 Qf6 19. c5 Bf8 (19... b6 $11 {keeps the balance.}) 20. Bb3 (20. g3 $16) 20... Re8 $1 $11 {[%cal Re8e4]} 21. Rxe8 Bxe8 22. Rd3 Qe5 23. Nf3 Qxc5 24. Qe1 Bd6 25. Re3 Bd7 (25... Kf8 $1 $15 {stays ahead.}) 26. Ne5 (26. Rc3 $16 Qb4 27. Qd1) 26... Bxe5 $15 27. Rxe5 Qd6 28. Qe3 (28. Re3 $11) 28... Rf8 29. Re4 c5 $1 30. Re5 b6 31. Rd5 Qc6 32. Qe7 Be6 33. Rd6 Qe8 34. Qxe8 Rxe8 35. Bxe6 Rxe6 $17 {[%mdl 4096] Endgame KR-KR} ({But not} 35... fxe6 $6 36. Rd7 $11) 36. Rd8+ Kh7 37. Kf1 Kg6 38. b3 Kf6 39. Rd7 Re7 40. Rd8 Ke6 41. Ke2 Rd7 42. Rg8 f6 43. h4 Kf5 44. Kf3 Rd2 (44... h5 $17 45. g3 g6) 45. Rxg7 $11 Rxa2 46. g4+ $1 Ke6 47. Rg6 Ra3 {And now ...c4 would win.} 48. Kf4 Rxb3 (48... Kf7 $5 {[%cal Rf7g6]} 49. Kf5 Rxb3 $11) 49. Rxh6 Rb4+ 50. Kg3 Ke5 51. Rh8 f5 52. Re8+ Kf6 $1 53. Rf8+ Kg7 54. Rxf5 c4 {...c3 is the strong threat.} 55. Rd5 Kf8 $2 {[#]} (55... a5 $11) 56. h5 $1 $18 {[%cal Bh4h5,Bh5h6][%mdl 32]} Rb3+ {[#]} 57. f3 $1 Rb1 $2 (57... c3 {was necessary.}) 58. g5 (58. h6 $142) 58... b5 $2 (58... Ke7) 59. h6 {White is clearly winning.} Rh1 60. Rxb5 Kf7 61. Rb7+ Kg6 62. Kg4 {[%csl Gh6][%cal Rb7g7]} Rg1+ 63. Kf4 {Precision: White = 53%, Black = 42%.} 1-0

[Event "10th Karen Asrian Memorial 2017"]
[Site "Jermuk"]
[Date "2017.06.23"]
[Round "3"]
[White "Kovalenko, Igor"]
[Black "Zhigalko, Andrey"]
[Result "1-0"]
[WhiteElo "2656"]
[BlackElo "2563"]
[Annotator "TA"]
[PlyCount "71"]
[EventDate "2017.??.??"]
[EventType "swiss"]
[EventCountry "ARM"]
[SourceTitle "playchess.com"]
[Source "ChessBase"]
[SourceQuality "1"]

{[%evp 9,71,37,25,25,23,34,49,33,43,23,21,26,31,20,25,0,100,91,84,95,115,115,192,98,94,89,110,79,101,56,102,57,132,76,87,11,39,24,31,37,20,23,54,64,76,75,75,76,67,72,125,80,283,283,274,277,267,266,443,443,29989,29990,29990,29991]} 1. c4 g6 2. d4 Nf6 3. Nc3 d5 4. Bg5 c5 (4... Ne4 5. Bh4 Nxc3 6. bxc3 dxc4 7. e3 Be6 8. Qb1 b6 9. Nh3 Bh6 10. Bg5 Bxg5 11. Nxg5 Qd5 12. Nxe6 Qxe6 13. Qb4 Qd5 14. Qxc4 Qxc4 15. Bxc4 e6 {1-0 (67) Nakamura,H (2785)-Giri,A (2771) Stavanger 2017}) 5. Bxf6 exf6 6. cxd5 {D80: Grünfeld: Unusual White 4th moves and 4 Bg5} Qb6 7. e3 a6 $146 ({Predecessor:} 7... cxd4 8. Bb5+ Nd7 9. Qxd4 Qxd4 10. exd4 Be7 11. Nf3 O-O 12. O-O {½-½ (21) Jojua,D (2581)-Dubov,D (2660) Minsk 2017}) 8. Nge2 {White is slightly better.} Qxb2 9. Rb1 Qa3 10. g3 Nd7 11. Bg2 $36 {[%mdl 2048] White fights for an advantage.} f5 12. O-O Bd6 (12... c4 $11 {keeps the balance.}) 13. e4 $16 cxd4 14. Qxd4 Be5 15. Qd2 $1 Nc5 (15... Nf6 $16 {keeps fighting.}) 16. exf5 (16. f4 $18 Bxc3 17. Nxc3 (17. Qxc3 Qxc3 18. Nxc3 Nxe4 $16)) 16... O-O 17. fxg6 hxg6 18. Nd4 Bd7 19. Rfe1 Rfe8 20. h4 Rac8 (20... Bg7 $14) 21. Re3 (21. d6 $142) 21... Bg7 22. Rbe1 (22. Ncb5 $16 Qa4 23. Rxe8+ Rxe8 24. Rb4) 22... Qb4 23. Rxe8+ Rxe8 24. Rxe8+ Bxe8 25. Nde2 Bb5 {Threatens to win with ...Bxe2.} 26. Qe3 Bxe2 27. Nxe2 Qb1+ 28. Kh2 Bf8 29. Nf4 Qxa2 ({Black should try} 29... Nd7) 30. d6 Qc2 $2 {[#]} (30... Bxd6 $16 31. Bd5 Qb2) 31. Bd5 $1 $18 b6 {Now ...Qf5 and Black clings on.} 32. Qe8 Qf5 {[#]} 33. Bc6 $1 Qc2 $2 (33... Kg7) 34. Kg2 Nd3 (34... Qf5 $18 35. d7 Nxd7 36. Bxd7 Qf6) 35. Nxd3 Qxd3 36. d7 {Precision: White = 56%, Black = 40%.} 1-0

[Event "10th Karen Asrian Memorial 2017"]
[Site "Jermuk"]
[Date "2017.06.23"]
[Round "3"]
[White "Andriasian, Zaven"]
[Black "Martirosyan, Haik M"]
[Result "1/2-1/2"]
[WhiteElo "2622"]
[BlackElo "2516"]
[Annotator "TA"]
[PlyCount "42"]
[EventDate "2017.??.??"]
[EventType "swiss"]
[EventCountry "ARM"]
[SourceTitle "playchess.com"]
[Source "ChessBase"]
[SourceQuality "1"]

{[%evp 25,26,0,14]} 1. d4 d5 2. c4 c6 3. Nc3 Nf6 4. cxd5 cxd5 5. Nf3 Nc6 6. Bf4 Bf5 7. e3 e6 8. Bd3 Bxd3 9. Qxd3 Bd6 10. Bxd6 Qxd6 11. O-O O-O 12. h3 h6 13. a3 a6 {Predecessor:} 14. Rfc1 $146 Rfc8 15. Rc2 Rc7 16. Ne2 Ne7 17. Rac1 Rac8 18. Rxc7 Rxc7 19. Rxc7 Qxc7 20. Qc3 Qxc3 21. Nxc3 Nc6 {½-½ (32) Arman,D (2377)-Lokander,M (2333) Ballerup 2017} 1/2-1/2

[Event "10th Karen Asrian Memorial 2017"]
[Site "Jermuk"]
[Date "2017.06.23"]
[Round "3"]
[White "Zubov, Alexander"]
[Black "Sargsyan, Shant"]
[Result "1/2-1/2"]
[WhiteElo "2612"]
[BlackElo "2409"]
[Annotator "TA"]
[PlyCount "57"]
[EventDate "2017.??.??"]
[EventType "swiss"]
[EventCountry "ARM"]
[SourceTitle "playchess.com"]
[Source "ChessBase"]
[SourceQuality "1"]

{[%evp 18,57,12,9,16,12,14,-4,5,-2,-2,0,0,0,-8,-8,-8,-15,-9,-17,-7,-12,0,-8,0,0,0,0,0,0,0,0,0,0,0,0,0,-6,-6,-28,0,0]} 1. Nf3 d5 2. d4 Nf6 {[%cal Bg8f6,Bf6d7,Bd7b6,Bb6d5][%mdl 32]} 3. c4 e6 4. Nc3 Bb4 5. Qa4+ Nc6 6. Ne5 Bd7 {D38: Queen's Gambit Declined: Ragozin Defence (4 Nf3 Bb4)} 7. Nxd7 Nxd7 (7... Qxd7 8. e3 O-O 9. a3 Bxc3+ 10. bxc3 e5 11. Be2 Rfe8 12. Bb2 dxc4 13. Qxc4 Na5 14. Qb4 b6 15. dxe5 Nc6 16. Qf4 Nxe5 {1-0 (61) Jakovenko,D (2738)-Giri,A (2776) Khanty-Mansiysk 2015}) 8. cxd5 Nb6 9. Qb5 Nxd5 10. Bd2 {LiveBook: 5 Games} a6 11. Qd3 $1 Ba5 12. e3 e5 13. dxe5 $146 ({Predecessor:} 13. Nxd5 Qxd5 14. dxe5 Qxe5 15. Bxa5 Qxa5+ {½-½ (27) Lerida Macareno,C-Molina Camacho,A (2187) ICCF email 2013}) 13... Nxc3 14. Bxc3 Qxd3 15. Bxd3 {Bxa5 is the strong threat.} Bxc3+ 16. bxc3 Nxe5 17. Be4 O-O-O 18. Ke2 g6 19. Rad1 f5 20. Bc2 c5 21. h3 Kc7 22. Rxd8 Rxd8 $11 {[%mdl 4096] Endgame KRB-KRN} 23. g4 Nc4 24. Bd3 Nd6 25. gxf5 c4 26. Bb1 gxf5 27. Kf3 Rf8 28. a4 $1 {[%cal Ba2a4,Ba4b5][%mdl 32]} b5 29. axb5 {Precision: White = 67%, Black = 70%.} 1/2-1/2